书目信息 |
| 题名: |
河南城建学院报合订本:2011年
|
|
| 作者: | 河南城建学院主办 | |
| 分册: | ||
| 出版信息: | 平顶山 河南城建学院报编辑部 2011.12 |
|
| 页数: | ||
| 开本: | ||
| 丛书名: | ||
| 单 册: | ||
| 中图分类: | N031 | |
| 科图分类: | ||
| 主题词: | 自然科学--科学方法论 | |
| 电子资源: | ||
| ISBN: | ||
| 000 | 00583nam0 2200157 450 | |
| 001 | 1233463948 | |
| 005 | 20120221091813.10 | |
| 100 | @a20120221d2011 km y0chiy0120 ea | |
| 101 | 0 | @achi |
| 200 | 1 | @a河南城建学院报合订本:2011年@Ahe nan cheng jian xue yuan bao he ding ben:2011 nian@f河南城建学院主办@Fhe nan cheng jian xue yuan zhu ban |
| 210 | @a平顶山@c河南城建学院报编辑部@d2011.12 | |
| 606 | 0 | @a自然科学@x科学方法论 |
| 690 | @aN031@v4 | |
| 701 | 0 | @a河南城建学院主办@Ahe nan cheng jian xue yuan zhu ban |
| 801 | 0 | @aCN@b大连网信软件有限公司图书馆·11@c20120221 |
| 905 | @aZUCC@dN031@eH2623 | |
| 河南城建学院报合订本:2011年/河南城建学院主办.-平顶山:河南城建学院报编辑部,2011.12 |
| ISBN : |
| ● |
| 相关链接 |
|
|
|
正题名:河南城建学院报合订本:2011年
索取号:N031/H2623
 
预约/预借
| 序号 | 登录号 | 条形码 | 馆藏地/架位号 | 状态 | 备注 |
| 1 | 475556 | 204755568 | 城院文库/ [索取号:N031/H2623] | 在馆 | |
| 2 | 475557 | 204755577 | 城院文库/ [索取号:N031/H2623] | 在馆 | |
| 3 | 475558 | 204755586 | 城院文库/ [索取号:N031/H2623] | 在馆 | |
| 4 | 475559 | 204755595 | 城院文库/ [索取号:N031/H2623] | 在馆 | |
| 5 | 475560 | 204755602 | 城院文库/ [索取号:N031/H2623] | 在馆 | |
| 6 | 475561 | 204755611 | 城院文库/ [索取号:N031/H2623] | 在馆 | |
| 7 | 475562 | 204755620 | 城院文库/ [索取号:N031/H2623] | 在馆 | |
| 8 | 475563 | 204755639 | 城院文库/ [索取号:N031/H2623] | 在馆 | |
| 9 | 475564 | 204755648 | 城院文库/ [索取号:N031/H2623] | 在馆 | |
| 10 | 475565 | 204755657 | 城院文库/ [索取号:N031/H2623] | 在馆 |